000
00346nam a2200145Ia 4500
003
OSt
005
20231220070142.0
008
170524s9999 xx 000 0 und d
020
_a
9788184110708
040
_c
IIMT UNIVERSITY
100
_a
RAJSEKAR- T
245
0
_a
JOURNALISM : ETHICS & OBJECTIVES
260
_b
N DELHI SONALI
942
_2
ddc
_c
01
999
_c
9321
_d
9321